[Event "Castellon Region-ch"]
[Site "Vila Real"]
[Date "2015.10.17"]
[Round "3"]
[White "Mezquita Salla, Kevin"]
[Black "Ventura Cobos, Ana"]
[Result "1-0"]
[WhiteElo "1828"]
[BlackElo "1400"]
[PlyCount "71"]
[EventDate "2015.10.03"]
[EventType "swiss"]
[EventRounds "7"]
[EventCountry "ESP"]
[SourceTitle "EXT 2024"]
[Source "ChessBase"]
[SourceDate "2023.10.10"]
[SourceVersion "1"]
[SourceVersionDate "2023.10.10"]
[SourceQuality "1"]

1. d4 Nf6 2. c4 g6 3. Nc3 Bg7 4. e4 d6 5. f4 0-0 6. Bd3 c5 7. d5 e6 8. dxe6 Bxe6 9. f5 Bc8 10. Nge2 Re8 11. 0-0 Nc6 12. Bg5 b6 13. Nd5 Bb7 14. fxg6 hxg6 15. Bxf6 Bxf6 16. Nxf6+ Kg7 17. Nxe8+ Qxe8 18. Nf4 Nb4 19. Nd5 Bxd5 20. exd5 Qe5 21. Kh1 Nxd3 22. Qxd3 Qxb2 23. Qf3 f5 24. Rae1 Rd8 25. Qg3 Qxa2 26. Qg5 Rd7 27. Re7+ Rxe7 28. Qxe7+ Kh6 29. Qh4+ Kg7 30. Re1 Qb2 31. Qe7+ Kh6 32. Qxd6 Qc3 33. Qf4+ Kh5 34. Qf3+ Qxf3 35. gxf3 Kg5 36. d6 1-0

[Event "Castellon Region-ch"]
[Site "Vila Real"]
[Date "2015.10.03"]
[Round "1"]
[White "Mezquita Salla, Kevin"]
[Black "Bellon Solsona, Nicolas"]
[Result "1-0"]
[WhiteElo "1828"]
[BlackElo "1122"]
[PlyCount "65"]
[EventDate "2015.10.03"]
[EventType "swiss"]
[EventRounds "7"]
[EventCountry "ESP"]
[SourceTitle "EXT 2024"]
[Source "ChessBase"]
[SourceDate "2023.10.10"]
[SourceVersion "1"]
[SourceVersionDate "2023.10.10"]
[SourceQuality "1"]

1. d4 Nf6 2. c4 g6 3. Nc3 Bg7 4. e4 d6 5. f4 0-0 6. Bd3 Nbd7 7. Nf3 Re8 8. 0-0 e5 9. dxe5 dxe5 10. fxe5 Nxe5 11. Nxe5 Rxe5 12. Bf4 Re8 13. Nb5 Re7 14. e5 Ng4 15. Bg5 Nxe5 16. Bxe7 Qxe7 17. Nc3 Qd8 18. Be2 Qxd1 19. Raxd1 Be6 20. Nd5 Bxd5 21. Rxd5 Nc6 22. Rd7 Rc8 23. Rfxf7 Bd4+ 24. Kf1 Bxb2 25. Rxc7 Re8 26. Rxb7 Bd4 27. Bf3 Ne7 28. Rfxe7 Rc8 29. Bd5+ Kf8 30. Rxh7 Rd8 31. Rhf7+ Kg8 32. Rfd7+ Kf8 33. Rxd8# 1-0

[Event "Provincial-ch Vila Real"]
[Site "Vila Real"]
[Date "2014.11.15"]
[Round "6.3"]
[White "Mezquita Salla, Kevin"]
[Black "Gallego Mora, Salvador"]
[Result "0-1"]
[WhiteElo "1804"]
[BlackElo "1928"]
[PlyCount "94"]
[EventDate "2014.09.27"]
[EventType "swiss"]
[EventRounds "7"]
[EventCountry "ESP"]
[SourceTitle "EXT 2024"]
[Source "ChessBase"]
[SourceDate "2023.10.10"]
[SourceVersion "1"]
[SourceVersionDate "2023.10.10"]
[SourceQuality "1"]

1. d4 d5 2. c4 e6 3. Nc3 Nf6 4. Bg5 Bb4 5. Nf3 c6 6. Qc2 Nbd7 7. cxd5 exd5 8. e3 Qa5 9. Bd3 0-0 10. 0-0 h6 11. Bf4 Nh5 12. a3 Bxc3 13. bxc3 Nxf4 14. exf4 Qd8 15. Ne5 Qf6 16. Qd2 Nb6 17. g4 Qh4 18. f3 Nd7 19. Kh1 Nxe5 20. dxe5 b6 21. Rg1 f6 22. Rg3 fxe5 23. fxe5 Qg5 24. Qxg5 hxg5 25. Kg2 Rf4 26. Rh3 Bb7 27. Rh5 Raf8 28. Bh7+ Kf7 29. Rxg5 Rc4 30. Rc1 d4 31. f4 c5+ 32. Kg3 Rh8 33. Bg6+ Ke7 34. Rf5 Rf8 35. Rxf8 Kxf8 36. Bd3 Ra4 37. Ra1 dxc3 38. f5 Rd4 39. Bc2 b5 40. e6 Rd2 41. Rc1 Bd5 42. Rd1 Rxd1 43. Bxd1 b4 44. axb4 cxb4 45. Kf4 b3 46. Ke5 c2 47. Be2 c1Q 0-1

[Event "Provincial-ch Vila Real"]
[Site "Vila Real"]
[Date "2014.10.18"]
[Round "4.1"]
[White "Mezquita Salla, Kevin"]
[Black "Aymerich Rosell, Pablo"]
[Result "0-1"]
[WhiteElo "1804"]
[BlackElo "2163"]
[PlyCount "44"]
[EventDate "2014.09.27"]
[EventType "swiss"]
[EventRounds "7"]
[EventCountry "ESP"]
[SourceTitle "EXT 2024"]
[Source "ChessBase"]
[SourceDate "2023.10.10"]
[SourceVersion "1"]
[SourceVersionDate "2023.10.10"]
[SourceQuality "1"]

1. d4 e6 2. c4 Nf6 3. Nf3 c5 4. Bf4 cxd4 5. Nxd4 e5 6. Bxe5 Qa5+ 7. Nc3 Qxe5 8. e3 Bb4 9. Qb3 Na6 10. a3 Bxc3+ 11. Qxc3 0-0 12. Be2 Nc5 13. 0-0 Nce4 14. Qd3 d5 15. cxd5 Qxd5 16. Bf3 Qe5 17. Rac1 Be6 18. Nxe6 Qxe6 19. Rc7 Rac8 20. Rfc1 Rxc7 21. Rxc7 Rc8 22. Rxb7 Nc5 0-1

[Event "Provincial-ch Moncofa"]
[Site "Moncofa"]
[Date "2013.11.16"]
[Round "6"]
[White "Mezquita Salla, Kevin"]
[Black "Moran Marzal, Francisco Javier"]
[Result "1-0"]
[WhiteElo "1783"]
[BlackElo "1815"]
[PlyCount "85"]
[EventDate "2013.10.05"]
[EventType "swiss"]
[EventRounds "7"]
[EventCountry "ESP"]
[SourceTitle "EXT 2024"]
[Source "ChessBase"]
[SourceDate "2023.10.10"]
[SourceVersion "1"]
[SourceVersionDate "2023.10.10"]
[SourceQuality "1"]

1. d4 Nf6 2. c4 e6 3. Nc3 Bb4 4. e3 0-0 5. Bd3 c5 6. Nge2 d5 7. a3 Bxc3+ 8. Nxc3 dxc4 9. Bxc4 cxd4 10. exd4 a6 11. 0-0 b5 12. Be2 Bb7 13. Bg5 Nbd7 14. Bf3 Qb6 15. d5 exd5 16. Nxd5 Nxd5 17. Bxd5 Bxd5 18. Qxd5 Nf6 19. Qf5 Rfd8 20. Rfd1 Rxd1+ 21. Rxd1 Rd8 22. Re1 h6 23. Bh4 Qd4 24. Bxf6 Qxf6 25. Qxf6 gxf6 26. Kf1 Rd2 27. Re2 Rd1+ 28. Re1 Rd2 29. b4 Ra2 30. Re3 f5 31. g3 Kg7 32. Kg2 Kg6 33. Rc3 f6 34. h4 Ra1 35. Kf3 Ra2 36. Ke3 Kh5 37. f3 Ra1 38. Kf4 Kg6 39. h5+ Kxh5 40. Kxf5 Rg1 41. Rc2 Rh1 42. Kxf6 Rh3 43. Rc5# 1-0

[Event "Provincial-ch Moncofa"]
[Site "Moncofa"]
[Date "2013.11.09"]
[Round "5"]
[White "Jordan Martinez, David"]
[Black "Mezquita Salla, Kevin"]
[Result "1-0"]
[WhiteElo "2106"]
[BlackElo "1783"]
[PlyCount "69"]
[EventDate "2013.10.05"]
[EventType "swiss"]
[EventRounds "7"]
[EventCountry "ESP"]
[SourceTitle "EXT 2024"]
[Source "ChessBase"]
[SourceDate "2023.10.10"]
[SourceVersion "1"]
[SourceVersionDate "2023.10.10"]
[SourceQuality "1"]

1. d4 Nf6 2. c4 e6 3. Nc3 Bb4 4. Bg5 0-0 5. e3 d5 6. Nf3 b6 7. cxd5 exd5 8. Bd3 h6 9. Bh4 Bb7 10. 0-0 Nbd7 11. Ne5 Be7 12. f4 Ne4 13. Bxe7 Qxe7 14. Qc2 Ndf6 15. Nxe4 Nxe4 16. Rac1 Rac8 17. f5 Qg5 18. Qe2 c5 19. Rce1 Rfe8 20. Bxe4 dxe4 21. f6 gxf6 22. Ng4 f5 23. Rxf5 Qg6 24. Rf6 Qg7 25. Nxh6+ Kh8 26. Nxf7+ Kg8 27. Ref1 cxd4 28. Nh6+ Kh8 29. Nf7+ Kg8 30. exd4 Rc1 31. Nh6+ Kh8 32. Nf7+ Kg8 33. Ne5 Rec8 34. Rg6 Rxf1+ 35. Kxf1 1-0

[Event "Provincial-ch Moncofa"]
[Site "Moncofa"]
[Date "2013.11.02"]
[Round "4"]
[White "Mezquita Salla, Kevin"]
[Black "Sanchiz Marti, Josep Miquel"]
[Result "1/2-1/2"]
[WhiteElo "1783"]
[BlackElo "2049"]
[PlyCount "140"]
[EventDate "2013.10.05"]
[EventType "swiss"]
[EventRounds "7"]
[EventCountry "ESP"]
[SourceTitle "EXT 2024"]
[Source "ChessBase"]
[SourceDate "2023.10.10"]
[SourceVersion "1"]
[SourceVersionDate "2023.10.10"]
[SourceQuality "1"]

1. d4 Nf6 2. c4 c5 3. d5 e6 4. Nc3 exd5 5. cxd5 d6 6. e4 g6 7. Bg5 Bg7 8. f4 Qa5 9. Bd3 0-0 10. Nf3 b5 11. 0-0 b4 12. Nb1 Re8 13. Nbd2 Ng4 14. Nc4 Qc7 15. Re1 Ba6 16. h3 Nf6 17. e5 dxe5 18. d6 Qc8 19. fxe5 Nfd7 20. Be4 Nc6 21. Na5 Bb5 22. Nxc6 Bxc6 23. Bxc6 Qxc6 24. Be7 h6 25. Rc1 Rac8 26. Qe2 Qd5 27. b3 Bf8 28. e6 fxe6 29. Qxe6+ Qxe6 30. Rxe6 Bxe7 31. dxe7 Kf7 32. Rce1 Rc7 33. Nh4 c4 34. bxc4 Rxc4 35. Nxg6 Rc2 36. Ra6 Rc7 37. Nh4 Nb6 38. Nf5 Kg6 39. g4 h5 40. Re6+ Kf7 41. Re4 Kf6 42. Rxb4 hxg4 43. hxg4 Kg5 44. Ra5 Kf6 45. Rd4 Nd7 46. Rad5 Ne5 47. Kf2 Rc2+ 48. Ke3 Rc3+ 49. Ke2 Ng6 50. Rd8 Rc8 51. Rxc8 Rxc8 52. Rd8 Nxe7 53. Rxc8 Nxc8 54. Kd3 Kg5 55. Ne3 Kf4 56. Kd4 Nb6 57. Nc4 Nd7 58. Ne3 Nf8 59. a4 Ne6+ 60. Kd5 Nc7+ 61. Kc6 Na6 62. a5 Nb4+ 63. Kb5 Nd3 64. a6 Kxe3 65. g5 Ne5 66. g6 Nxg6 67. Kc6 Ne5+ 68. Kb7 Nd7 69. Kxa7 Nc5 70. Kb6 Nxa6 1/2-1/2

[Event "Provincial-ch Moncofa"]
[Site "Moncofa"]
[Date "2013.10.05"]
[Round "1"]
[White "Aymerich Rosell, Pablo"]
[Black "Mezquita Salla, Kevin"]
[Result "1-0"]
[WhiteElo "2194"]
[BlackElo "1783"]
[PlyCount "83"]
[EventDate "2013.10.05"]
[EventType "swiss"]
[EventRounds "7"]
[EventCountry "ESP"]
[SourceTitle "EXT 2024"]
[Source "ChessBase"]
[SourceDate "2023.10.10"]
[SourceVersion "1"]
[SourceVersionDate "2023.10.10"]
[SourceQuality "1"]

1. d4 Nf6 2. c4 e6 3. Nc3 Bb4 4. e3 d5 5. cxd5 Nxd5 6. Bd2 c5 7. a3 cxd4 8. axb4 dxc3 9. bxc3 Nc6 10. Nf3 Bd7 11. b5 Nce7 12. c4 Nf6 13. Bb4 a5 14. Ba3 0-0 15. Qd6 Re8 16. Rd1 Nf5 17. Qd3 e5 18. e4 Nd4 19. Nxd4 exd4 20. f3 Nxe4 21. fxe4 Qh4+ 22. g3 Rxe4+ 23. Be2 Qg4 24. Kf2 Qf5+ 25. Bf3 Rae8 26. Rhe1 Re3 27. Qxf5 Bxf5 28. Rxe3 dxe3+ 29. Ke2 Be6 30. Rd4 b6 31. Bc6 Rc8 32. Kxe3 g5 33. Kd3 Kg7 34. Be7 h6 35. Bd8 Rb8 36. Bc7 Rf8 37. Bxb6 a4 38. Kc3 f5 39. Bc7 Rf7 40. b6 Bc8 41. Be5+ Kh7 42. Rd8 1-0

[Event "Provincial-ch Vila Real"]
[Site "Vila Real"]
[Date "2012.10.06"]
[Round "1"]
[White "Sos Andreu, Eric"]
[Black "Mezquita Salla, Kevin"]
[Result "1-0"]
[WhiteElo "2144"]
[BlackElo "1776"]
[PlyCount "91"]
[EventDate "2012.10.06"]
[EventType "swiss"]
[EventRounds "7"]
[EventCountry "ESP"]
[SourceTitle "EXT 2024"]
[Source "ChessBase"]
[SourceDate "2023.10.10"]
[SourceVersion "1"]
[SourceVersionDate "2023.10.10"]
[SourceQuality "1"]

1. e4 Nf6 2. e5 Nd5 3. d4 d6 4. c4 Nb6 5. f4 dxe5 6. fxe5 Bf5 7. Be3 Nc6 8. Nc3 e6 9. Nf3 Bb4 10. Be2 Be4 11. 0-0 Bxc3 12. bxc3 0-0 13. a4 Na5 14. c5 Nd5 15. Bd2 b6 16. c4 Ne7 17. Bxa5 bxa5 18. Qd2 c6 19. Rad1 Qc7 20. Ng5 Bg6 21. h4 h6 22. h5 Bf5 23. g4 hxg5 24. gxf5 Nxf5 25. Qxg5 Qd8 26. Qf4 Rb8 27. Bg4 Nh6 28. Bf3 Rb4 29. Bxc6 Rxc4 30. Be4 Kh8 31. Bb1 Qd5 32. Ba2 Rb8 33. Bxc4 Qxc4 34. Rc1 Qe2 35. Rf2 Qxh5 36. c6 Rc8 37. c7 Qg6+ 38. Rg2 Qd3 39. d5 Qxd5 40. Rd2 Qb7 41. Rd8+ Kh7 42. Rxc8 Qxc8 43. Qd4 Nf5 44. Qd8 Qb7 45. c8Q Qf3 46. Qg5 1-0

[Event "Castellon Provincial-ch"]
[Site "Castellon"]
[Date "2011.10.22"]
[Round "3.10"]
[White "Mezquita Salla, Kevin"]
[Black "Viciano Barrachina, Aitor"]
[Result "1-0"]
[WhiteElo "1684"]
[BlackElo "1792"]
[PlyCount "61"]
[EventDate "2011.10.01"]
[EventType "swiss"]
[EventRounds "7"]
[EventCountry "ESP"]
[SourceTitle "EXT 2024"]
[Source "ChessBase"]
[SourceDate "2023.10.10"]
[SourceVersion "1"]
[SourceVersionDate "2023.10.10"]
[SourceQuality "1"]

1. d4 f5 2. g3 g6 3. Bg2 Nf6 4. Nf3 Bg7 5. b4 0-0 6. Bb2 Nc6 7. b5 Na5 8. Nbd2 c6 9. a4 Ne4 10. c4 d6 11. Qc2 Be6 12. 0-0 d5 13. c5 Bh6 14. e3 f4 15. exf4 Bf5 16. Nxe4 Bxe4 17. Qe2 Qd7 18. Ne5 Qf5 19. Bxe4 dxe4 20. Rfe1 Qh3 21. Qxe4 Rxf4 22. gxf4 Rf8 23. Qf3 Qh4 24. Qg3 Qf6 25. Ng4 Qg7 26. Nxh6+ Qxh6 27. Rxe7 Rxf4 28. Bc1 Qh4 29. Re8+ Kf7 30. Qxf4+ Qxf4 31. Bxf4 1-0

[Event "Castellon Provincial-ch"]
[Site "Castellon"]
[Date "2011.10.15"]
[Round "2.11"]
[White "Peicea, Fiodor"]
[Black "Mezquita Salla, Kevin"]
[Result "0-1"]
[WhiteElo "1544"]
[BlackElo "1684"]
[PlyCount "106"]
[EventDate "2011.10.01"]
[EventType "swiss"]
[EventRounds "7"]
[EventCountry "ESP"]
[SourceTitle "EXT 2024"]
[Source "ChessBase"]
[SourceDate "2023.10.10"]
[SourceVersion "1"]
[SourceVersionDate "2023.10.10"]
[SourceQuality "1"]

1. d4 Nf6 2. c4 e6 3. Nf3 b6 4. g3 Bb7 5. Bg2 d5 6. cxd5 exd5 7. Nc3 c5 8. 0-0 Be7 9. Bf4 0-0 10. Rc1 Nbd7 11. Re1 Ne4 12. Qc2 Ndf6 13. Ng5 Nxg5 14. Bxg5 cxd4 15. Nb5 h6 16. Bf4 Bc5 17. Be5 Ne4 18. Bxd4 Rc8 19. Bxc5 Rxc5 20. Qd3 a6 21. Nc3 Qc7 22. Rc2 Rc8 23. Rec1 b5 24. Bh3 Rd8 25. b4 Rc4 26. a4 Qb6 27. e3 Nxc3 28. Rxc3 Rxb4 29. axb5 axb5 30. Rc7 Rc4 31. R7xc4 dxc4 32. Qb1 Qc5 33. Bf1 Qd5 34. e4 Qxe4 35. Qxe4 Bxe4 36. Be2 Bd3 37. Kf1 Bxe2+ 38. Kxe2 Rc8 39. Kd2 b4 40. Rb1 c3+ 41. Kc2 Rb8 42. Kb3 f5 43. f4 Kf7 44. Rd1 Ke6 45. Rd3 g5 46. Rd4 Rc8 47. Rd1 gxf4 48. gxf4 c2 49. Rc1 Kd5 50. Kxb4 Ke4 51. Kb3 Kxf4 52. Kb2 Ke3 53. Re1+ Kd2 0-1

[Event "Valencia Autonomico-ch U18"]
[Site "Valencia"]
[Date "2010.04.08"]
[Round "4"]
[White "Mezquita Salla, Kevin"]
[Black "Davidovas Chananovas, Norman"]
[Result "0-1"]
[WhiteElo "1542"]
[BlackElo "1775"]
[PlyCount "62"]
[EventDate "2010.04.07"]
[EventType "swiss"]
[EventRounds "7"]
[EventCountry "ESP"]
[SourceTitle "EXT 2024"]
[Source "ChessBase"]
[SourceDate "2023.10.10"]
[SourceVersion "1"]
[SourceVersionDate "2023.10.10"]
[SourceQuality "1"]

1. d4 Nf6 2. c4 g6 3. Nc3 Bg7 4. e4 d6 5. f4 0-0 6. Nf3 c5 7. d5 e6 8. Bd3 exd5 9. cxd5 Re8 10. 0-0 c4 11. Bc2 b5 12. e5 dxe5 13. fxe5 Ng4 14. d6 Nxe5 15. Nxe5 Bxe5 16. Nxb5 Qb6+ 17. Kh1 Qxb5 18. Qf3 Qd7 19. Qxa8 Bb7 20. Ba4 Bxa8 21. Bxd7 Nxd7 22. Re1 Re6 23. Be3 Bxb2 24. Rab1 c3 25. Kg1 Be4 26. Rbd1 c2 27. Rc1 Bxc1 28. Bxc1 Rxd6 29. Kf2 Rd1 30. Bb2 Rxe1 31. Kxe1 a5 0-1

[Event "Valencia Autonomico-ch U18"]
[Site "Valencia"]
[Date "2010.04.07"]
[Round "1"]
[White "Mezquita Salla, Kevin"]
[Black "Llamazares Lopez, Marcos"]
[Result "0-1"]
[WhiteElo "1542"]
[BlackElo "1948"]
[PlyCount "54"]
[EventDate "2010.04.07"]
[EventType "swiss"]
[EventRounds "7"]
[EventCountry "ESP"]
[SourceTitle "EXT 2024"]
[Source "ChessBase"]
[SourceDate "2023.10.10"]
[SourceVersion "1"]
[SourceVersionDate "2023.10.10"]
[SourceQuality "1"]

1. d4 Nf6 2. c4 g6 3. Nc3 Bg7 4. e4 d6 5. f4 c5 6. d5 0-0 7. Nf3 e6 8. dxe6 Bxe6 9. Bd3 Nc6 10. Nd5 Bxd5 11. cxd5 Nb4 12. 0-0 Re8 13. Re1 Nxd3 14. Qxd3 Qb6 15. Kh1 Ng4 16. Qc4 Qb4 17. Qxb4 cxb4 18. Kg1 Nf6 19. Bd2 a5 20. e5 Nxd5 21. exd6 Bxb2 22. Rad1 Red8 23. Bxb4 Nxb4 24. Re7 Rab8 25. Ng5 Bf6 26. Nxf7 Bxe7 27. Nxd8 Rxd8 0-1